|
|
|
|
| LEADER |
00000ntm a22000007u 4500 |
| 001 |
zp27777 |
| 041 |
|
|
|a cze
|
| 100 |
1 |
|
|a Kolovrátková, Eva
|4 dis
|
| 245 |
1 |
0 |
|a Layout časopisu se sociální, kulturní a politickou tématikou
|
| 246 |
|
|
|a Layout of a Magazine Dealing with Social, Cultural and Political Issues
|
| 260 |
|
|
|c 2012
|
| 300 |
|
|
|a 64 s. (113 900 znaků)
|
| 500 |
|
|
|a Studijní obor: Multimedia a design - Grafický design
|
| 500 |
|
|
|a Studijní obor: Multimedia and Design - Graphic Design
|
| 500 |
|
|
|a Ústav: Ústav reklamní fotografie a grafiky
|
| 500 |
|
|
|a Univerzita Tomáše Bati ve Zlíně. Fakulta multimediálních komunikací
|
| 500 |
|
|
|a Tomas Bata University in Zlín. Faculty of Multimedia Communications
|
| 506 |
|
|
|a Bez omezení
|
| 653 |
|
|
|a Umělecký boj
|
| 653 |
|
|
|a protest
|
| 653 |
|
|
|a globální problémy
|
| 653 |
|
|
|a veřejný průzkum
|
| 653 |
|
|
|a časopis
|
| 653 |
|
|
|a Artistic fight
|
| 653 |
|
|
|a protest
|
| 653 |
|
|
|a global issues
|
| 653 |
|
|
|a public research
|
| 653 |
|
|
|a magazine
|
| 655 |
|
4 |
|a bakalářská práce
|
| 700 |
1 |
|
|a Illík, Rostislav
|4 ths
|
| 710 |
2 |
|
|a Univerzita Tomáše Bati ve Zlíně. Fakulta multimediálních komunikací
|4 dgg
|
| 710 |
2 |
|
|a Tomas Bata University in Zlín. Faculty of Multimedia Communications
|4 dgg
|
| 856 |
4 |
0 |
|u http://hdl.handle.net/10563/22907
|y Plný text v Digitální knihovně UTB
|